[Event "Washington State Invitational"]
[Site "Redmond"]
[Date "2016.02.06"]
[Round "2"]
[White "Arganian, David H"]
[Black "Chetrari, Nikita"]
[Result "0-1"]
[WhiteElo "2041"]
[BlackElo "2213"]
[PlyCount "74"]
[EventDate "2016.02.06"]
[EventType "tourn"]
[EventRounds "9"]
[EventCountry "USA"]
[SourceTitle "EXT 2018"]
[Source "ChessBase"]
[SourceDate "2017.10.13"]
[SourceVersion "1"]
[SourceVersionDate "2017.10.13"]
[SourceQuality "1"]

1. e4 c6 2. d4 d5 3. exd5 cxd5 4. Bd3 Nc6 5. c3 Nf6 6. Bf4 Bg4 7. Qb3 Qc8 8. Nd2 e6 9. Ngf3 Be7 10. 0-0 Bh5 11. Rae1 0-0 12. Qc2 Bg6 13. Bxg6 hxg6 14. Qd3 a6 15. Ne5 Nxe5 16. Bxe5 b5 17. a3 Qb7 18. Bxf6 gxf6 19. Rxe6 Bxa3 20. Re2 Bd6 21. Qf3 Kg7 22. c4 bxc4 23. Nxc4 Bb4 24. Ne3 Rfe8 25. Rc2 Re4 26. Qg3 Qd7 27. Rd1 Rae8 28. Qc7 Qa4 29. Qc6 Qb3 30. g3 R8e6 31. Qc8 f5 32. Rdc1 Rxd4 33. Rc7 Rxe3 34. fxe3 Qxe3+ 35. Kf1 Rd2 36. Rxf7+ Kxf7 37. Qb7+ Be7 0-1

[Event "Wch U14"]
[Site "Porto Carras"]
[Date "2015.10.28"]
[Round "4"]
[White "Chetrari, Nikita"]
[Black "Lobanov, Sergei"]
[Result "0-1"]
[WhiteElo "2265"]
[BlackElo "2394"]
[PlyCount "70"]
[EventDate "2015.10.25"]
[EventType "swiss"]
[EventRounds "11"]
[EventCountry "GRE"]
[SourceTitle "CBM 169 Extra"]
[Source "ChessBase"]
[SourceDate "2015.12.18"]
[SourceVersion "1"]
[SourceVersionDate "2015.12.18"]
[SourceQuality "1"]

1. e4 c5 2. Nf3 d6 3. d4 cxd4 4. Nxd4 Nf6 5. Nc3 Nc6 6. Bg5 e6 7. Qd2 a6 8. 0-0-0 Bd7 9. f3 b5 10. Nxc6 Bxc6 11. Ne2 Bb7 12. Nd4 Be7 13. Be3 Nd7 14. Kb1 0-0 15. g4 d5 16. exd5 Bxd5 17. Be2 Ne5 18. Rhe1 Nc4 19. Bxc4 bxc4 20. f4 Qc7 21. Qf2 c3 22. b3 a5 23. f5 a4 24. Bc1 Qa7 25. Re3 Bc5 26. Rxc3 axb3 27. cxb3 Be4+ 28. Ka1 e5 29. Rxc5 Qxc5 30. Qe2 Bd5 31. Qxe5 Rxa2+ 32. Kb1 Qc3 33. Kxa2 Ra8+ 34. Ba3 Bxb3+ 35. Kb1 Ba2+ 0-1

[Event "EU-ch U14 25th"]
[Site "Porec"]
[Date "2015.09.28"]
[Round "7"]
[White "Chetrari, Nikita"]
[Black "Garbowski, Jakub"]
[Result "1-0"]
[WhiteElo "2265"]
[BlackElo "2049"]
[PlyCount "87"]
[EventDate "2015.09.21"]
[EventType "swiss"]
[EventRounds "9"]
[EventCountry "CRO"]
[SourceTitle "EXT 2016"]
[Source "ChessBase"]
[SourceDate "2015.10.08"]
[SourceVersion "1"]
[SourceVersionDate "2015.10.08"]
[SourceQuality "1"]

1. e4 c5 2. Nf3 e6 3. d4 cxd4 4. Nxd4 Nf6 5. Nc3 d6 6. Be3 a6 7. f3 b5 8. g4 Nfd7 9. Qd2 Nb6 10. a3 Bb7 11. Nb3 Nc4 12. Bxc4 bxc4 13. Nd4 Nd7 14. 0-0-0 Rc8 15. h4 Qa5 16. Kb1 Nb6 17. Rhe1 Na4 18. Nxa4 Qxa4 19. Qc3 Be7 20. g5 0-0 21. Bc1 Bd8 22. Rh1 Ba5 23. Qe3 Bb6 24. Qe2 c3 25. b3 Qa5 26. Qd3 Rfd8 27. h5 Bxd4 28. Qxd4 e5 29. Qe3 d5 30. exd5 Rxd5 31. g6 Qc7 32. gxh7+ Kh8 33. Rdg1 Qe7 34. Rg3 f5 35. h6 f4 36. hxg7+ Qxg7 37. Rxg7 fxe3 38. Rxb7 e2 39. Bg5 Rc6 40. Ka2 Rg6 41. Bf6+ Rxf6 42. Rb8+ Kg7 43. h8Q+ Kf7 44. Rf8+ 1-0

[Event "Eforie Nord Seacoast op 25th"]
[Site "Eforie Nord"]
[Date "2015.06.26"]
[Round "4"]
[White "Costachi, Mihnea"]
[Black "Chetrari, Nikita"]
[Result "1-0"]
[WhiteElo "2351"]
[BlackElo "2146"]
[PlyCount "65"]
[EventDate "2015.06.23"]
[EventType "swiss"]
[EventRounds "10"]
[EventCountry "ROU"]
[SourceTitle "CBM 167 Extra"]
[Source "ChessBase"]
[SourceDate "2015.09.14"]
[SourceVersion "1"]
[SourceVersionDate "2015.09.14"]
[SourceQuality "1"]

1. d4 Nf6 2. c4 e6 3. Nf3 Bb4+ 4. Bd2 a5 5. Nc3 b6 6. g3 Bb7 7. Bg2 d6 8. 0-0 Nbd7 9. b3 0-0 10. a3 Bxc3 11. Bxc3 Qe7 12. b4 axb4 13. axb4 Ne4 14. Rxa8 Rxa8 15. Bb2 f5 16. Qc2 Ndf6 17. Ne1 Qe8 18. f3 Ng5 19. Nd3 Qa4 20. Qc3 Qd7 21. Re1 Nf7 22. e4 d5 23. cxd5 fxe4 24. fxe4 exd5 25. Ne5 Qe7 26. exd5 Bxd5 27. Nc6 Qd6 28. Ne7+ Kh8 29. Nxd5 Nxd5 30. Qc4 c6 31. b5 Qb4 32. Qxb4 Nxb4 33. bxc6 1-0

[Event "World ol U16"]
[Site "Gyor"]
[Date "2014.12.14"]
[Round "2.4"]
[White "Chetrari, Nikita"]
[Black "Antal, Tibor Kende"]
[Result "0-1"]
[WhiteElo "2117"]
[BlackElo "2292"]
[PlyCount "78"]
[EventDate "2014.12.13"]
[EventType "team-swiss"]
[EventRounds "10"]
[EventCountry "HUN"]
[SourceTitle "EXT 2016"]
[Source "ChessBase"]
[SourceDate "2015.10.08"]
[SourceVersion "1"]
[SourceVersionDate "2015.10.08"]
[SourceQuality "1"]
[WhiteTeam "Moldova"]
[BlackTeam "Hungary"]
[WhiteTeamCountry "MDA"]
[BlackTeamCountry "HUN"]

1. e4 c5 2. Nf3 d6 3. c3 Nf6 4. h3 Nc6 5. Bd3 d5 6. exd5 Qxd5 7. Qe2 Bf5 8. Bc4 Qd6 9. 0-0 e6 10. d4 cxd4 11. Rd1 d3 12. Bxd3 Bxd3 13. Rxd3 Qc7 14. Bg5 Be7 15. Nbd2 Nd5 16. Qe4 0-0 17. Rd1 Rad8 18. Bxe7 Ncxe7 19. Nb3 Ng6 20. g3 b5 21. Nbd4 Qb6 22. h4 Nf6 23. Qc6 e5 24. Qxb6 axb6 25. h5 Nxh5 26. Nc2 Rxd3 27. Rxd3 e4 28. Rd5 Nf6 29. Rxb5 exf3 30. Rxb6 Re8 31. Ne3 Ne5 32. Kf1 Nfg4 33. Nxg4 Nxg4 34. c4 h5 35. Rb3 Re2 36. Rxf3 Rxb2 37. Rf4 Rxa2 38. f3 Ne3+ 39. Kg1 Rc2 0-1

[Event "Paleochora op 7th"]
[Site "Paleochora"]
[Date "2014.07.27"]
[Round "8"]
[White "Christiansen, Johan Sebastian"]
[Black "Chetrari, Nikita"]
[Result "1-0"]
[WhiteElo "2252"]
[BlackElo "1907"]
[PlyCount "65"]
[EventDate "2014.07.21"]
[EventType "swiss"]
[EventRounds "9"]
[EventCountry "GRE"]
[SourceTitle "CBM 161 Extra"]
[Source "ChessBase"]
[SourceDate "2014.08.29"]
[SourceVersion "1"]
[SourceVersionDate "2014.08.29"]
[SourceQuality "1"]

1. Nf3 d5 2. c4 c6 3. g3 Nf6 4. Bg2 dxc4 5. 0-0 b5 6. Ne5 Qc7 7. d4 Bb7 8. a4 e6 9. b3 cxb3 10. Qxb3 b4 11. Nd3 Nbd7 12. Bf4 Qb6 13. a5 Qxd4 14. a6 Bc8 15. Qa4 Nb6 16. Be3 Qxe3 17. Qxc6+ Bd7 18. fxe3 Bxc6 19. Bxc6+ Nfd7 20. Bxa8 Nxa8 21. Nd2 Nab6 22. Rac1 Bd6 23. Ne4 Bb8 24. Nxb4 f5 25. Ng5 Ke7 26. Rc6 Kf6 27. Ne4+ Ke5 28. Ng5 Kf6 29. Ne4+ Ke5 30. Nc3 Kf6 31. Ncd5+ Nxd5 32. Nxd5+ Ke5 33. Nc7 1-0

[Event "Iasi op"]
[Site "Iasi"]
[Date "2014.05.11"]
[Round "2"]
[White "Chetrari, Nikita"]
[Black "Jakab, Kincso"]
[Result "1-0"]
[WhiteElo "1922"]
[BlackElo "1679"]
[PlyCount "97"]
[EventDate "2014.05.10"]
[EventType "swiss"]
[EventRounds "9"]
[EventCountry "ROU"]
[SourceTitle "CBM 160 Extra"]
[Source "ChessBase"]
[SourceDate "2014.07.01"]
[SourceVersion "1"]
[SourceVersionDate "2014.07.01"]
[SourceQuality "1"]

1. e4 c5 2. Nf3 Nc6 3. Bb5 d6 4. c3 Bd7 5. 0-0 g6 6. d4 cxd4 7. cxd4 Bg7 8. h3 Nf6 9. e5 Nd5 10. Bc4 Nb6 11. Bb3 0-0 12. exd6 exd6 13. Bg5 Bf6 14. Bf4 Bf5 15. Nc3 a6 16. Re1 Na5 17. Bh6 Bg7 18. Bxg7 Kxg7 19. Bc2 Bxc2 20. Qxc2 d5 21. Re2 Rc8 22. Rae1 Rc7 23. h4 Nac4 24. h5 Qf6 25. hxg6 hxg6 26. Ne5 Qh4 27. Nf3 Qf6 28. Qd3 Rfc8 29. Nd1 Rh8 30. b3 Nd6 31. Ne3 Rhc8 32. Ne5 Rc3 33. Qd1 Qh4 34. g3 Qg5 35. Rb2 Nf5 36. Qf3 f6 37. Nxf5+ gxf5 38. Nd3 R8c7 39. Rbe2 Rc2 40. Nc5 Rxe2 41. Qxe2 Rc6 42. Ne6+ Rxe6 43. Qxe6 Qd2 44. Qe7+ Kg6 45. Re6 Qxd4 46. Qe8+ Kg5 47. Qg8+ Kh6 48. Re7 Qd1+ 49. Kg2 1-0

[Event "Kishinev op"]
[Site "Kishinev"]
[Date "2014.01.23"]
[Round "6"]
[White "Talmaci, Alexandru"]
[Black "Chetrari, Nikita"]
[Result "0-1"]
[WhiteElo "1641"]
[BlackElo "1895"]
[PlyCount "118"]
[EventDate "2014.01.18"]
[EventType "swiss"]
[EventRounds "9"]
[EventCountry "MDA"]
[SourceTitle "EXT 2016"]
[Source "ChessBase"]
[SourceDate "2015.10.08"]
[SourceVersion "1"]
[SourceVersionDate "2015.10.08"]
[SourceQuality "1"]

1. d4 d5 2. c4 c6 3. cxd5 cxd5 4. Nc3 Nf6 5. Bf4 Nc6 6. e3 a6 7. Bd3 Bg4 8. Be2 Bxe2 9. Ngxe2 e6 10. 0-0 Be7 11. Rc1 0-0 12. Na4 Nh5 13. Nc5 Nxf4 14. Nxf4 Na5 15. Qg4 Qd6 16. h4 b6 17. Ncd3 f5 18. Qg3 Nc4 19. Rc2 Rac8 20. Rfc1 b5 21. b3 Nb6 22. Rxc8 Rxc8 23. Rxc8+ Nxc8 24. Nc5 e5 25. Nfd3 exd4 26. Qxd6 Nxd6 27. exd4 Bxh4 28. Nxa6 Bf6 29. Nc7 Bxd4 30. Nxd5 Kf7 31. Kf1 g5 32. f3 h5 33. N5b4 Ke6 34. Nc2 Bb6 35. a4 bxa4 36. bxa4 h4 37. Nf2 Nc4 38. Ke2 Nb2 39. Ne3 Nxa4 40. Nh3 Bd8 41. Nf2 Nc5 42. Nd3 Nxd3 43. Kxd3 Ke5 44. Ke2 Kf4 45. Nf1 Bb6 46. Nd2 Kg3 47. Kf1 g4 48. fxg4 fxg4 49. Ne4+ Kh2 50. Nf6 g3 51. Ng4+ Kh1 52. Ne5 h3 53. Nf3 hxg2+ 54. Ke2 g1Q 55. Nxg1 Bxg1 56. Kf3 g2 57. Ke2 Ba7 58. Kf3 g1Q 59. Ke4 Qd4+ 0-1

[Event "EU-ch U12 23rd"]
[Site "Budva"]
[Date "2013.10.08"]
[Round "9"]
[White "Artsiomau, Stanislau"]
[Black "Chetrari, Nikita"]
[Result "1/2-1/2"]
[WhiteElo "1785"]
[BlackElo "1951"]
[PlyCount "88"]
[EventDate "2013.09.29"]
[EventType "swiss"]
[EventRounds "9"]
[EventCountry "MNE"]
[SourceTitle "EXT 2014"]
[Source "ChessBase"]
[SourceDate "2013.11.20"]
[SourceVersion "1"]
[SourceVersionDate "2013.11.20"]
[SourceQuality "1"]

1. e4 c5 2. Nf3 Nc6 3. d4 cxd4 4. Nxd4 Qb6 5. Nxc6 bxc6 6. Nc3 d6 7. Bc4 Ba6 8. Bxa6 Qxa6 9. Qe2 Qxe2+ 10. Kxe2 g6 11. Be3 Bg7 12. Kd3 Nf6 13. f3 0-0 14. Rad1 a5 15. Na4 Rfb8 16. b3 Nd7 17. f4 Nf6 18. h3 Rb4 19. Bd4 e5 20. c3 Rxa4 21. bxa4 exd4 22. cxd4 Nh5 23. Rhf1 d5 24. exd5 cxd5 25. g4 Ng3 26. Rf3 Ne4 27. Rb1 Rc8 28. Rb3 h6 29. f5 g5 30. f6 Bxf6 31. Rf5 Kg7 32. Rxd5 Nf2+ 33. Ke2 Rc2+ 34. Ke3 Nxh3 35. Rxa5 Rxa2 36. Ra7 Nf4 37. Ke4 Ne6 38. Rbb7 Bxd4 39. Rxf7+ Kg6 40. Kd5 Bxa7 41. Rxa7 Nf4+ 42. Ke4 Ne6 43. Kd5 Nf4+ 44. Ke4 Ne6 1/2-1/2

[Event "EU-ch U12 23rd"]
[Site "Budva"]
[Date "2013.10.07"]
[Round "8"]
[White "Chetrari, Nikita"]
[Black "Omorjan, Dejan"]
[Result "1-0"]
[WhiteElo "1951"]
[BlackElo "1665"]
[PlyCount "111"]
[EventDate "2013.09.29"]
[EventType "swiss"]
[EventRounds "9"]
[EventCountry "MNE"]
[SourceTitle "EXT 2014"]
[Source "ChessBase"]
[SourceDate "2013.11.20"]
[SourceVersion "1"]
[SourceVersionDate "2013.11.20"]
[SourceQuality "1"]

1. e4 d5 2. exd5 Qxd5 3. Nc3 Qd6 4. d4 Nf6 5. Nf3 c6 6. Ne5 Nbd7 7. Nc4 Qc7 8. Qf3 Nb6 9. Bf4 Qd7 10. 0-0-0 Qg4 11. Qxg4 Bxg4 12. f3 Be6 13. Nxb6 axb6 14. a4 0-0-0 15. b3 g6 16. Be5 Bh6+ 17. Kb2 Rhe8 18. Bd3 Rd7 19. a5 bxa5 20. Na4 Nd5 21. c4 Nb4 22. Nb6+ Kd8 23. Nxd7 Kxd7 24. d5 cxd5 25. cxd5 Nxd3+ 26. Rxd3 Bf5 27. Rc3 f6 28. Rc7+ Kd8 29. Bg3 b6 30. Rd1 Be3 31. d6 e5 32. Rxh7 Bd4+ 33. Ka2 Re6 34. Rb7 Rxd6 35. Bf2 Kc8 36. Rg7 g5 37. g4 Bd7 38. Rg8+ Kb7 39. Rg6 Kc7 40. Rxd4 exd4 41. Bg3 Kc6 42. Bxd6 Kxd6 43. Rxf6+ Ke5 44. Rxb6 Be6 45. Kb2 Bc8 46. Rb5+ Kf4 47. Rxa5 Kxf3 48. Rxg5 Ke2 49. Kc1 Kd3 50. b4 Bb7 51. b5 Kc3 52. Rc5+ Kb4 53. Rc7 Be4 54. b6 Bf3 55. b7 Bxb7 56. Rxb7+ 1-0

[Event "EU-ch U12 23rd"]
[Site "Budva"]
[Date "2013.10.02"]
[Round "4"]
[White "Chetrari, Nikita"]
[Black "Maksimovic, Bojan"]
[Result "1-0"]
[WhiteElo "1951"]
[BlackElo "1744"]
[PlyCount "51"]
[EventDate "2013.09.29"]
[EventType "swiss"]
[EventRounds "9"]
[EventCountry "MNE"]
[SourceTitle "EXT 2014"]
[Source "ChessBase"]
[SourceDate "2013.11.20"]
[SourceVersion "1"]
[SourceVersionDate "2013.11.20"]
[SourceQuality "1"]

1. e4 c5 2. Nf3 d6 3. d4 cxd4 4. Nxd4 Nf6 5. Nc3 e6 6. g4 h6 7. h4 Be7 8. Rg1 a6 9. g5 hxg5 10. hxg5 Nh7 11. g6 fxg6 12. Rxg6 0-0 13. Bc4 Rf6 14. Nxe6 Bxe6 15. Bxe6+ Kh8 16. Qg4 Rxg6 17. Qxg6 Bf6 18. Bd2 Nd7 19. Bxd7 Qxd7 20. 0-0-0 Qe8 21. Qf5 Qc8 22. Qh5 Qe8 23. Qh3 Kg8 24. Rh1 Nf8 25. Nd5 Qd8 26. Qb3 1-0

[Event "Wch U12"]
[Site "Maribor"]
[Date "2012.11.17"]
[Round "10.20"]
[White "Rathanvel, VS."]
[Black "Chetrari, Nikita"]
[Result "1-0"]
[WhiteElo "2002"]
[BlackElo "1844"]
[PlyCount "53"]
[EventDate "2012.11.08"]
[EventType "swiss"]
[EventRounds "11"]
[EventCountry "SLO"]
[SourceTitle "EXT 2013"]
[Source "ChessBase"]
[SourceDate "2012.11.22"]
[SourceVersion "1"]
[SourceVersionDate "2012.11.22"]
[SourceQuality "1"]

1. e4 c5 2. Nf3 d6 3. d4 cxd4 4. Nxd4 Nf6 5. Nc3 g6 6. Be3 Bg7 7. f3 0-0 8. Qd2 Nc6 9. Bc4 Bd7 10. 0-0-0 Rc8 11. Bb3 Ne5 12. h4 h5 13. Bh6 Bxh6 14. Qxh6 Rxc3 15. bxc3 Qc7 16. Kb1 a5 17. f4 Nc4 18. f5 Rc8 19. fxg6 fxg6 20. Qxg6+ Kh8 21. Rd3 Bg4 22. Nf5 Bxf5 23. exf5 a4 24. Rg3 Rg8 25. Qh6+ Nh7 26. Rxg8+ Kxg8 27. Qe6+ 1-0

[Event "EU-ch U12"]
[Site "Prague"]
[Date "2012.08.24"]
[Round "8"]
[White "Chetrari, Nikita"]
[Black "Mesaros, Florian"]
[Result "0-1"]
[WhiteElo "1748"]
[BlackElo "2045"]
[PlyCount "78"]
[EventDate "2012.08.17"]
[EventType "swiss"]
[EventRounds "9"]
[EventCountry "CZE"]
[SourceTitle "CBM 150 Extra"]
[Source "ChessBase"]
[SourceDate "2012.10.19"]
[SourceVersion "1"]
[SourceVersionDate "2012.10.19"]
[SourceQuality "1"]

1. e4 c5 2. Nf3 d6 3. d4 cxd4 4. Nxd4 Nf6 5. Nc3 a6 6. Be3 e5 7. Nb3 Be7 8. f3 Be6 9. Qd2 0-0 10. 0-0-0 Nbd7 11. g4 b5 12. g5 b4 13. Ne2 Ne8 14. Ng3 a5 15. Kb1 Nc7 16. f4 f6 17. f5 Bxb3 18. cxb3 fxg5 19. Rg1 Ne8 20. Bb5 Rb8 21. Bxd7 Qxd7 22. Bxg5 Bxg5 23. Qxg5 Nf6 24. Qh4 Ra8 25. Nh5 Nxh5 26. Qxh5 a4 27. Qh6 axb3 28. f6 g6 29. Rdf1 Qf7 30. axb3 Ra7 31. h4 Rfa8 32. Kc1 Ra2 33. h5 Ra1+ 34. Kd2 Rxf1 35. Rxf1 Ra7 36. Rg1 Qxf6 37. hxg6 Qf2+ 38. Kd3 Qxg1 39. gxh7+ Rxh7 0-1

[Event "EU-ch U12"]
[Site "Prague"]
[Date "2012.08.23"]
[Round "7"]
[White "Chetrari, Nikita"]
[Black "Deac, Bogdan Daniel"]
[Result "0-1"]
[WhiteElo "1748"]
[BlackElo "1939"]
[PlyCount "32"]
[EventDate "2012.08.17"]
[EventType "swiss"]
[EventRounds "9"]
[EventCountry "CZE"]
[SourceTitle "CBM 150 Extra"]
[Source "ChessBase"]
[SourceDate "2012.10.19"]
[SourceVersion "1"]
[SourceVersionDate "2012.10.19"]
[SourceQuality "1"]

1. e4 c6 2. d4 d5 3. exd5 cxd5 4. c4 Nf6 5. Nc3 Nc6 6. Nf3 Bg4 7. cxd5 Nxd5 8. h3 Bxf3 9. Qxf3 e6 10. Bc4 Nxd4 11. Qe4 Nxc3 12. bxc3 Nc6 13. Rb1 Qd7 14. Bf4 Bc5 15. 0-0 0-0 16. Rfd1 Qe7 0-1

[Event "EU-ch U12"]
[Site "Prague"]
[Date "2012.08.22"]
[Round "6"]
[White "Brejnik, Gustav"]
[Black "Chetrari, Nikita"]
[Result "0-1"]
[WhiteElo "1846"]
[BlackElo "1748"]
[PlyCount "116"]
[EventDate "2012.08.17"]
[EventType "swiss"]
[EventRounds "9"]
[EventCountry "CZE"]
[SourceTitle "CBM 150 Extra"]
[Source "ChessBase"]
[SourceDate "2012.10.19"]
[SourceVersion "1"]
[SourceVersionDate "2012.10.19"]
[SourceQuality "1"]

1. d4 Nf6 2. c4 g6 3. Nc3 Bg7 4. e4 d6 5. f3 0-0 6. Be3 e5 7. d5 Nfd7 8. g4 Bh6 9. Bxh6 Qh4+ 10. Kd2 Qxh6+ 11. Kc2 a5 12. h4 Nc5 13. b3 Nba6 14. a3 a4 15. b4 Nb3 16. Ra2 Bd7 17. Nge2 Qe3 18. Bg2 Nd4+ 19. Kb1 Nxf3 20. Bh3 Nd4 21. Qe1 Qd3+ 22. Kc1 Qxc4 23. h5 Qd3 24. hxg6 fxg6 25. Bf1 Nb3+ 26. Kb2 Qd2+ 27. Qxd2 Nxd2 28. Bh3 Rf2 29. Raa1 Nxe4 30. Raf1 Rxf1 31. Rxf1 Nxc3 32. Nxc3 Rf8 33. Rxf8+ Kxf8 34. Ne4 Kg7 35. Kc3 h5 36. Nf2 hxg4 37. Bxg4 Bxg4 38. Nxg4 Nb8 39. b5 Nd7 40. Kb4 Nb6 41. Ne3 Kf6 42. Kc3 Kg5 43. Kd3 Kf4 44. Ng2+ Kg3 45. Ne3 Kf3 46. Nd1 Nxd5 47. Nb2 Nb6 48. Nd1 g5 49. Ne3 g4 50. Nc4 g3 51. Nd2+ Kf4 52. Ke2 e4 53. Kf1 e3 54. Nb1 Kf3 55. Nc3 g2+ 56. Kg1 e2 57. Nxe2 Kxe2 58. Kxg2 d5 0-1

[Event "Arad op"]
[Site "Arad"]
[Date "2012.07.27"]
[Round "1"]
[White "Chetrari, Nikita"]
[Black "Bida, Mihai Eugen"]
[Result "1-0"]
[WhiteElo "1748"]
[BlackElo "2206"]
[PlyCount "81"]
[EventDate "2012.07.27"]
[EventType "swiss"]
[EventRounds "9"]
[EventCountry "ROU"]
[SourceTitle "CBM 149 Extra"]
[Source "ChessBase"]
[SourceDate "2012.08.24"]
[SourceVersion "1"]
[SourceVersionDate "2012.08.24"]
[SourceQuality "1"]

1. e4 c5 2. Nf3 Nc6 3. d4 cxd4 4. Nxd4 Nf6 5. Nc3 d6 6. Be2 e5 7. Nb3 Be7 8. Be3 0-0 9. 0-0 a5 10. f4 a4 11. fxe5 Nxe5 12. Nd4 Neg4 13. Bf4 Qb6 14. Kh1 Ne5 15. a3 h6 16. Bb5 Bg4 17. Qd2 Rfc8 18. h3 Bh5 19. Nf5 Bf8 20. Bxh6 gxh6 21. Nxh6+ Bxh6 22. Qxh6 Rxc3 23. Rxf6 Bg6 24. bxc3 Qxb5 25. Rxd6 Qb2 26. Rad1 Rf8 27. Rd8 Qxa3 28. R1d6 Qxd6 29. Rxd6 a3 30. Qc1 Ra8 31. Qg5 Nc6 32. Rd1 Kg7 33. h4 Ra5 34. Qg3 Kh7 35. Ra1 b5 36. Qd6 Bxe4 37. Rxa3 Rxa3 38. Qxa3 Bxc2 39. Qc5 Be4 40. Qh5+ Kg7 41. Qg4+ 1-0

[Event "Arad op"]
[Site "Arad"]
[Date "2012.07.27"]
[Round "8"]
[White "Chetrari, Nikita"]
[Black "Stegariu, Alexandru"]
[Result "0-1"]
[WhiteElo "1748"]
[BlackElo "2137"]
[PlyCount "84"]
[EventDate "2012.07.27"]
[EventType "swiss"]
[EventRounds "9"]
[EventCountry "ROU"]
[SourceTitle "CBM 149 Extra"]
[Source "ChessBase"]
[SourceDate "2012.08.24"]
[SourceVersion "1"]
[SourceVersionDate "2012.08.24"]
[SourceQuality "1"]

1. e4 c5 2. Nf3 e6 3. d4 cxd4 4. Nxd4 a6 5. Nc3 Qc7 6. Be2 Nf6 7. 0-0 Be7 8. Be3 d6 9. f4 b5 10. Bf3 Bb7 11. e5 dxe5 12. fxe5 Qxe5 13. Bf2 Qc7 14. Qe2 0-0 15. Rfe1 Bc5 16. Kh1 Bxf3 17. Qxf3 Nbd7 18. Rad1 Nb6 19. Bh4 Nbd5 20. Ne4 Nxe4 21. Qxe4 Qf4 22. Qxf4 Nxf4 23. Bg3 Bxd4 24. Rxd4 Nd5 25. a3 Rac8 26. c3 Rc6 27. a4 Rfc8 28. axb5 axb5 29. Ra1 h6 30. Ra5 b4 31. Raxd5 exd5 32. Rxb4 Rc4 33. Rxc4 dxc4 34. Kg1 Rd8 35. Bf4 g5 36. Be3 Rd1+ 37. Kf2 Rb1 38. Kf3 Rxb2 39. h4 gxh4 40. Kg4 Rxg2+ 41. Kxh4 Kh7 42. Kh3 Rg6 0-1